00904cam a2200241 a 450000100100000000500170001000800410002702000150006804000180008308200200010110000380012124501080015926000330026730000200030049000190032065000430033965000310038270000480041383000280046191000340048995201240052399900150064700001007020200929161828.0920925s1988 sp 001 0 spa  a8486072883 aDO-SdBNPcDLC a861.0864bC453a1 aChampourcin, Ernestina de.92504810aAntología poética /cErnestina de Champourcin ; prólogo y selección, Luzmaría Jiménez Faro. aMadrid :bTorremozas,c1988. a80 p. ;c17 cm.1 aTorremozasv50 4aPoesía españolaxColecciones93395 4aLiteratura española96321 aJiménez Faro, Luzmaría,epról.925049 0aTorremozas ;v50925050 aCatalogación por copia / LC 001052708MOaGRbGRcCTd2009-10-03iLF1l0o861.0864 C453ap10070-10r2020-06-25w2020-06-25y2ZPréstamo interno c9829d9829